Guess the Fusion Rock Song Lyrics #122 - Statistics

General Stats
  • This quiz has been taken 10 times
  • The average score is 139 of 189
Answer Stats
Answer % Correct
a
100%
and
100%
And
100%
I
100%
In
100%
Love
100%
no
100%
on
100%
the
100%
to
100%
When
100%
where
100%
you
100%
You
100%
all
89%
are
89%
be
89%
been
89%
don't
89%
go
89%
if
89%
If
89%
is
89%
Just
89%
know
89%
like
89%
night
89%
So
89%
some
89%
then
89%
with
89%
your
89%
at
78%
get
78%
girl
78%
I'm
78%
It's
78%
me
78%
my
78%
of
78%
say
78%
see
78%
this
78%
what
78%
will
78%
Would
78%
for
67%
gonna
67%
got
67%
I'll
67%
little
67%
never
67%
oh
67%
tell
67%
they
67%
up
67%
you've
67%
always
56%
call
56%
cause
56%
crazy
56%
everything
56%
game
56%
hand
56%
hold
56%
keep
56%
movie
56%
plans
56%
playin
56%
right
56%
said
56%
smile
56%
spooky
56%
Spooky
56%
stand
56%
thinkin
56%
yeah
56%
ask
44%
Atlanta Rhythm Section
44%
getting
44%
groovy
44%
heart's
44%
kind
44%
kinda
44%
looks
44%
sayin
44%
seem
44%
stop
44%
confused
33%
cool
33%
dyin
33%
evening
33%
eye
33%
First
33%
guessin
33%
Halloween
33%
propose
33%
sure
33%
decide
22%
dreams
22%
fella
22%
ghost
22%
hauntin
22%
someday
22%
whoa
22%
winkin
22%
No matching quizzes found
Score Distribution
Percent of People with Each Score
Percentile by Number Answered
Your Score History
You have not taken this quiz